000
00284nam a2200109Ia 4500
008
171211s9999 xx 000 0 und d
245
_a
Classic Makeup and Beauty
245
_c
Mary Quant
260
_c
1998
650
_x
Hobbies
856
_u
http://down.ebook777.com/062/0789432943.pdf
999
_c
350347
_d
350347